000 00666nam a22001937a 4500
999 _c188213
_d188213
005 20220512162247.0
010 _aUR-11556
020 _c300.00
_a9789387248632
035 _aU-10111
037 _bDBAD/PUB
_a-
082 _a841.8
_2Ist
100 _aجعفر جر ی
245 _aغز ل مسلسل ر و ا يت ا و ر فن
_cجعفر جر ی
_hا ر د و
246 _bGhazal -E-Musalsal RiwayatAur Funn (Urdu)
_aby Jafer Jari
260 _aHyderabad
_bTanveer Publishers
_c2020ء
270 _a2 Floor, Sana Apartment,Red Hills
_bHyderabad
_e4
_k9848269929
_l-
300 _a186 ص
_c22 Cm(Hb)
942 _2ddc
_cUR
_h841
_mح ع ف